Регионална библиотека "Любен Каравелов" - Русе

По следите на дивите животни (Запис номер 143299)

MARC детайли
000 -Лидер
Контролно поле с фиксирана дължина nam a22 a 4500
003 - Код на организацията, давaща контролен номер
Контролно поле BLK
005 - Дата и час на последна редакция
Контролно поле 20230119135041.0
008 - Елементи от данни с фиксирана дължина
fixed length control field 180409b bul|||||r ||||||| ||bul||
010 ## - Наследен системен номер
LC control number KNG00149418000
040 ## - Източник на каталожния запис
Идентификатор на билиотеката - собственик на записа BLK
041 ## - Код за език
Код за езика на текст/звукозапис или на отделно заглавие Български
Код за езика КДБФ Български
080 ## - УДК
Текстов определител УДК Българска литература
УДК код - определител по УДК 821.163.2
УДК определител -93-32
УДК - код + определител 821.163.2-93-32
100 1# - Редна дума - Автор
Автор Царев, Ради Георгиев
Авторска отговорност първи автор
R(LIN) 379681
139 ## - Редно поле
Редна дума Царев, Ради Георгиев
Авторски знак Царв - Ц 21
245 10 - Сведения за заглавието
Заглавие По следите на дивите животни
Подзаглавни данни Разкази за деца
Редно поле (дума) Ради Георгиев Царев; худож. Борис Бранков; с послесл. от Стефан Ланджев.
257 ## - Страна на издаване
Страна на създаване/издаване България
260 ## - Област на издателските данни
Място на издаване, разпространение и проч. София
Име на издателя, разпространителя и проч. Отечество
Година на издаване 1986
300 ## - Физическа характеристика
Страници 160 с.
Илюстрации и др. с ил.
Размери/Мащаб 21 см
380 ## - Жанр
Жанр Детска худож. лит.
500 ## - Общи забележки
Забележка 25 115 тир.
700 1# - Други автори (авторска отговорност)
Лично име Бранков, Борис
Автороска отговорност (Описва отношението между автора и произведението) худож.
9 (RLIN) 327182
700 1# - Други автори (авторска отговорност)
Лично име Ланджев, Стефан
Автороска отговорност (Описва отношението между автора и произведението) с послесл. от
9 (RLIN) 327929
852 ## - Местоположение
Форматна сигнатура Цб 262372
856 4# - Електронен адрес и достъп
Електронен формат pdf - файл
Инструкция (цена за достъп) 0.76
Права за достъп disable
856 4# - Електронен адрес и достъп
Електронен формат pdf - файл
Инструкция (цена за достъп) 0.76
Права за достъп disable
999 ## - СИСТЕМНИ КОНТРОЛНИ НОМЕРА
Koha biblionumber 143299
Koha biblioitemnumber 143299
942 ## - АРТИКУЛИ
Вид на библиотечния материал Книги
Скрит в OPAC Не
Периодичен библиозапис Да
944 ## - СЪЗДАВАНЕ И РЕДАКЦИЯ на ЗАПИСА
Създаване/Редакция Създаване
Дата на регистрацията/редакция 16.08.2013
Статус, дата на статуса 16.08.2013 - от С1,Р / 16.08.2013
Служител, извършил регистрацията/редакцията Серджан_Ахмедов
944 ## - СЪЗДАВАНЕ И РЕДАКЦИЯ на ЗАПИСА
Създаване/Редакция Редакция
Дата на регистрацията/редакция 14.09.2017
Статус, дата на статуса 16.08.2013 - от С1,Р / 16.08.2013
Служител, извършил регистрацията/редакцията Милена_Ачева
999 ## - СИСТЕМНИ КОНТРОЛНИ НОМЕРА
Koha biblioitemnumber 143299
Наличности
Код за отписване Код за изгубен артикул Източник на класификационната схема Код за повреда Коз за рестрикции Код за отдаване Артикулен № Име на библиотеката - собственик Име на библиотеката, в която се намира в момента Статус (Текущо местоположение) Дата на вписване в системата Местоположение - отдел Цена в лева Инвентарен номер Систематично азбучна сигнатура Баркод Номер на екземпляра Цена в евро Служебна бележка Служебен тип на артикула Бележка за публиката
  Не е изгубен Universal Decimal Classification Не е повреден без рестрикции ползва се в читалня 237783 Регионална библиотека "Любен Каравелов" Русе Регионална библиотека "Любен Каравелов" Русе Хранилище 1986-01-01 Хранилище 0.76 447070 Цб 262372 120000447070 1 0.39 Вид: СФ N: стар фонд Дата: 01.01.1986 Книги  
Изтеглен Не е изгубен Universal Decimal Classification Не е повреден без рестрикции заемане за дома 237784 Регионална библиотека "Любен Каравелов" Русе Регионална библиотека "Любен Каравелов" Русе Детски отдел 1986-01-01 Детски отдел 0.76 450499 ДХ 886.7/Ц 21 450499 2 0.39 Вид: СФ N: стар фонд Дата: 01.01.1986 Дата инв: 05.08.2015 Бележки инв: Д2015 Книги  
Изтеглен Не е изгубен   Не е повреден без рестрикции заемане за дома 237785 Регионална библиотека "Любен Каравелов" Русе Регионална библиотека "Любен Каравелов" Русе   1986-01-01 Детски отдел 0.76 450502 ДХ 886.7/Ц 21 450502 3 0.39 Вид: СФ N: стар фонд Дата: 01.01.1986 Дата инв: 07.10.2015 Бележки инв: Д2015 Книги Отч.N: 26/2017 , Дата: 15.08.2017
Изтеглен Не е изгубен Universal Decimal Classification Не е повреден без рестрикции заемане за дома 237786 Регионална библиотека "Любен Каравелов" Русе Регионална библиотека "Любен Каравелов" Русе Детски отдел 1986-01-01 Детски отдел 0.76 450503 ДХ 886.7/Ц 21 450503 4 0.39 Вид: СФ N: стар фонд Дата: 01.01.1986 Дата инв: 07.10.2015 Бележки инв: Д2015 Книги  
Изтеглен Не е изгубен   Не е повреден без рестрикции заемане за дома 237787 Регионална библиотека "Любен Каравелов" Русе Регионална библиотека "Любен Каравелов" Русе Детски отдел 1986-01-01 Детски отдел 0.76 633524 ДХ 886.7/Ц 21 633524 5 0.39 Вид: СФ N: стар фонд Дата: 01.01.1986 Дата инв: 05.08.2015 Бележки инв: Д2015 Книги  
Vip Innovations Ltd, Rousse, Bulgaria 2025